Famous People with African Names - Statistics

General Stats
  • This quiz has been taken 21 times
  • The average score is 4 of 15
Answer Stats
Hint Answer % Correct
United Nations Secretary-General from 1997 to 2006 {Kofi} Annan
84%
Influential emperor of Ethiopia from 1930 to 1974 {Haile} Selassie
74%
Warrior-king and leader of the Zulu Kingdom of southern Africa {Shaka} Zulu
58%
British actor known for her roles on "Westworld" and "Beloved" {Thandiwe} Newton
42%
Beninese-American actor known for his role in "Amistad" {Djimon} Hounsou
26%
First President of Kenya, in power from 1964 to 1978 {Jomo} Kenyatta
26%
Nigerian author and speaker known for her work on feminism and history {Chimamanda} Ngozi Adichie
21%
Second post-Apartheid President of South Africa {Thabo} Mbeki
21%
Nigerian author who wrote the 1958 novel "Things Fall Apart" {Chinua} Achebe
16%
Basketball player who is a forward with the Houston Rockets {Jabari} Smith Jr.
16%
Ghana's first Prime Minister and President {Kwame} Nkrumah
16%
One-named American R&B singer who had a 2002 hit with "Foolish" {Ashanti}
11%
American actor who played Tonya Rock on "Everybody Hates Chris" {Imani} Hakim
5%
Indian actress and dancer who is Bollywood icon {Malaika} Arora
5%
Mystery New York delivery driver, a viral meme sensation of 2025 {Mamadou}
0%
No matching quizzes found
Score Distribution
Percent of People with Each Score
Percentile by Number Answered
Your Score History
You have not taken this quiz